000 00641nam a2200193Ia 4500
003 GCL
008 140319s9999 xx 000 0 ara d
040 _aGCL /
_cGCL
082 0 4 _a812.042
_bت ع
100 1 _aنبيل بدران
245 1 0 _aعفوا ايها الاجداد علينا السلام مسرحية فى فصلين /
_cنبيل بدران
260 _a[S.N] :
_bالهيئة المصرية العامة للكتاب ،
_c1991
300 _a113 ص
490 _a
650 0 4 _aالادب العربى
650 0 4 _aالمسرحيات السياسية
650 0 4 _aالمسرحيات العربية
942 _2ddc
_cBK
999 _c30146
_d30146